| 000 | 01658nam a22002657a 4500 | ||
|---|---|---|---|
| 999 |
_c60248 _d60248 |
||
| 003 | Ge_BSU | ||
| 005 | 20230621161808.0 | ||
| 008 | 230621s2009 ge ||||| |||| 00| 0 geo d | ||
| 020 | _a9789941024559 | ||
| 041 | _ageo | ||
| 080 | _a81(479.22)(092): 908(479.22) გ-97 | ||
| 245 |
_aგურამ კარტოზია 75 = Guram Kartozia 75 / _c[სარედ. საბჭო: თამაზ გამყრელიძე (მთ. რედ.) [და სხვ.] ; მხატვ. თენგიზ გიგაური]. |
||
| 264 |
_aთბილისი : _b[ალექსანდრე კარტოზია], _c2009. |
||
| 300 |
_a415 გვ. ; _b24 სმ. |
||
| 490 | _aქართველოლოგიური ბიბლიოთეკა, 1512-0236 / რედ.: იზა ჩანტლაძე, ნინო დობორჯგინიძე ; 11 | ||
| 504 | _aბიბლიოგრ. ტექსტ. შენიშვნ. და სტატიების ბოლოს. | ||
| 520 | _aრეზ. გერმ. და ინგლ. სტატიების ბოლოს. | ||
| 653 | _aკარტოზია, გურამ | ||
| 653 | _aქართველი ენათმეცნიერები | ||
| 653 | _aქართული ენის გრამატიკა | ||
| 653 | _aლაზური ენის გრამატიკა | ||
| 700 |
_aგამყრელიძე, თამაზ და სხვ. _eრედაქტორი _918880 |
||
| 700 |
_aგიგაური, თენგიზ _eმხატვარი _918881 |
||
| 942 |
_2udc _cBK |
||